Centroamérica: más allá de la crisis

में बचाया:
ग्रंथसूची विवरण
मुख्य लेखक: Castillo Rivas, Donald
स्वरूप: अज्ञात
प्रकाशित: México D. F.: Ediciones SIAP
टैग: टैग जोड़ें
कोई टैग नहीं, इस रिकॉर्ड को टैग करने वाले पहले व्यक्ति बनें!

MARC

LEADER 00000 a2200000 04500
001 15231
003
008 991231s d
040
090 |a EXTRAVIADO  
100 |a Castillo Rivas, Donald  
245 |a Centroamérica: más allá de la crisis  
260 |a México D. F.:   |b Ediciones SIAP  
999 |c 16377  |d 16377